| 000 | 00586nam a22002057a 4500 | ||
|---|---|---|---|
| 003 | OSt | ||
| 005 | 20140310182349.0 | ||
| 008 | 130928t xxu||||| |||| 00| 0 eng d | ||
| 020 | _a9780751352740 | ||
| 050 |
_aGV 1548 _b.B766 1995 |
||
| 082 |
_aGS 793.8 _bB81 1995 |
||
| 100 |
_aBrown, Dave _922082 |
||
| 245 |
_aAmazing magic tricks / _cDave Brown & Paul Reeve. |
||
| 260 |
_aLondon :. _bDorling Kindersley, _cc1995. |
||
| 300 |
_a47 p. : _bill, ; _c34 cm. |
||
| 541 | _j1 | ||
| 562 | _e1 | ||
| 650 |
_aMagic tricks _xJuvenile Literature. _922083 |
||
| 942 |
_2lcc _cBK-GS |
||
| 999 |
_c12300 _d12300 |
||